| 000 | 00766nam a2200193 a 4500 | ||
|---|---|---|---|
| 003 | 0 | ||
| 005 | 20250312095556.0 | ||
| 008 | 090710s19uu xx 00 eng d | ||
| 050 |
_aPHS HQ 777.3 _b.P294 2009 |
||
| 100 | _aPatawaran, Mari Caprice N. | ||
| 245 |
_aSocial skills and hobbies of female upper school students who live in a male-dominated and female-dominated household / _cMari Caprice N. Patawaran. |
||
| 260 |
_aLas PiƱas City, Philippines : _bSouthville International School and Colleges, _c2009. |
||
| 300 |
_a28 pages : _billustrations ; _c28 cm. |
||
| 504 | _aIncludes bibliographical references. | ||
| 650 |
_aGirls _xSocial life and customs. |
||
| 650 | _aSocial skills in adolescence. | ||
| 650 |
_aHobbies _zSocial aspects. |
||
| 942 |
_2lcc _cPASS |
||
| 999 |
_c98269 _d98269 |
||